[Event "Agen 2017 - Open C"]
[Site "?"]
[Date "2017.08.22"]
[Round "4.1"]
[White "Pobedonostzeff, Franck"]
[Black "Salvi, Michel"]
[Result "1-0"]
[LiveChessVersion "1.4.8"]
[BlackElo "1659"]
[WhiteElo "1743"]

1. d4 {[%clk 1:29:00]} Nf6 {[%clk 1:29:56]} 2. c4 {[%clk 1:29:23]} e5
{[%clk 1:30:21]} 3. dxe5 {[%clk 1:29:43]} Ng4 {[%clk 1:30:37]} 4. Nh3
{[%clk 1:30:04]} Bb4+ {[%clk 1:27:25]} 5. Bd2 {[%clk 1:28:59]} Ne3
{[%clk 1:17:27]} 6. fxe3 {[%clk 1:26:45]} Qh4+ {[%clk 1:14:08]} 7. Nf2
{[%clk 1:26:57]} Qxc4 {[%clk 1:14:22]} 8. Bxb4 {[%clk 1:21:46]} Qxb4+
{[%clk 1:13:11]} 9. Qd2 {[%clk 1:22:15]} Nc6 {[%clk 1:13:35]} 10. a3
{[%clk 1:22:30]} Qc5 {[%clk 1:13:03]} 11. Nd3 {[%clk 1:21:43]} Qe7
{[%clk 1:11:13]} 12. Nc3 {[%clk 1:21:15]} Nxe5 {[%clk 1:11:05]} 13. Nxe5
{[%clk 1:21:25]} Qxe5 {[%clk 1:11:28]} 14. Qd4 {[%clk 1:20:25]} f6
{[%clk 1:09:20]} 15. Qxe5+ {[%clk 1:13:32]} fxe5 {[%clk 1:06:00]} 16. Nd5
{[%clk 1:13:38]} Kd8 {[%clk 1:06:15]} 17. g3 {[%clk 1:13:33]} c6 {[%clk 1:06:37]}
18. Nc3 {[%clk 1:13:55]} d6 {[%clk 1:06:38]} 19. Ne4 {[%clk 1:10:52]} Ke7
{[%clk 1:04:25]} 20. Bg2 {[%clk 1:08:48]} h6 {[%clk 1:03:17]} 21. O-O
{[%clk 1:05:42]} Be6 {[%clk 1:02:19]} 22. Rad1 {[%clk 1:04:08]} Rhd8
{[%clk 1:00:08]} 23. Nd2 {[%clk 1:01:17]} Rac8 {[%clk 0:57:02]} 24. b4
{[%clk 0:56:53]} b6 {[%clk 0:49:23]} 25. Rc1 {[%clk 0:51:47]} c5 {[%clk 0:49:24]}
26. e4 {[%clk 0:46:20]} g5 {[%clk 0:41:51]} 27. Nb1 {[%clk 0:41:51]} g4
{[%clk 0:40:04]} 28. Nc3 {[%clk 0:41:10]} Rh8 {[%clk 0:34:20]} 29. Nd5+
{[%clk 0:38:29]} Kd7 {[%clk 0:34:35]} 30. Rfd1 {[%clk 0:36:09]} h5
{[%clk 0:34:45]} 31. e3 {[%clk 0:36:06]} Rcf8 {[%clk 0:29:48]} 32. Bf1
{[%clk 0:36:15]} Rf3 {[%clk 0:28:49]} 33. Be2 {[%clk 0:35:32]} Rf7
{[%clk 0:27:39]} 34. bxc5 {[%clk 0:33:48]} bxc5 {[%clk 0:27:10]} 35. Rb1
{[%clk 0:34:09]} Bxd5 {[%clk 0:25:54]} 36. exd5 {[%clk 0:34:31]} Rc8
{[%clk 0:25:14]} 37. Rb7+ {[%clk 0:31:23]} Rc7 {[%clk 0:25:34]} 38. Rdb1
{[%clk 0:31:11]} Kd8 {[%clk 0:25:33]} 39. Rb8+ {[%clk 0:31:29]} Ke7
{[%clk 0:24:40]} 40. Rh8 {[%clk 1:01:39]} c4 {[%clk 0:53:42]} 41. Rxh5
{[%clk 0:53:27]} c3 {[%clk 0:53:27]} 42. Bxg4 {[%clk 0:52:31]} Kf8
{[%clk 0:53:19]} 43. Rf5 {[%clk 0:51:50]} Rc4 {[%clk 0:50:42]} 44. Rxf7+
{[%clk 0:49:43]} Kxf7 {[%clk 0:50:52]} 45. Bf5 {[%clk 0:49:14]} e4
{[%clk 0:51:14]} 46. Rc1 {[%clk 0:49:14]} a5 {[%clk 0:51:28]} 47. Rc2
{[%clk 0:49:25]} Kf6 {[%clk 0:51:29]} 48. Be6 {[%clk 0:46:55]} Kg5
{[%clk 0:51:53]} 49. h4+ {[%clk 0:47:21]} Kh5 {[%clk 0:52:18]} 50. Kg2
{[%clk 0:47:32]} Rc7 {[%clk 0:52:31]} 51. Kh3 {[%clk 0:47:43]} a4
{[%clk 0:52:54]} 52. Rf2 {[%clk 0:46:13]} c2 {[%clk 0:52:31]} 53. Rf6
{[%clk 0:46:40]} 1-0

[Event "Agen 2017 - Open C"]
[Site "?"]
[Date "2017.08.22"]
[Round "4.2"]
[White "Jackson, Edgar"]
[Black "Romas, Lionia"]
[Result "1-0"]
[LiveChessVersion "1.4.8"]
[BlackElo "1722"]
[WhiteElo "1641"]

1. d4 {[%clk 1:30:56]} Nf6 {[%clk 1:30:56]} 2. Bg5 {[%clk 1:31:19]} Ne4
{[%clk 1:31:19]} 3. Bf4 {[%clk 1:31:44]} d5 {[%clk 1:31:18]} 4. e3
{[%clk 1:31:59]} Bf5 {[%clk 1:30:40]} 5. Bd3 {[%clk 1:30:53]} e6 {[%clk 1:30:21]}
6. Nd2 {[%clk 1:28:03]} Nc6 {[%clk 1:30:20]} 7. Nxe4 {[%clk 1:24:32]} dxe4
{[%clk 1:29:31]} 8. Bb5 {[%clk 1:18:25]} Qd7 {[%clk 1:23:48]} 9. c3
{[%clk 1:16:35]} Be7 {[%clk 1:20:09]} 10. Qa4 {[%clk 1:11:50]} O-O
{[%clk 1:18:13]} 11. Ne2 {[%clk 1:06:35]} Rfd8 {[%clk 1:13:26]} 12. h3
{[%clk 1:00:52]} a6 {[%clk 1:03:05]} 13. Bxc6 {[%clk 1:00:09]} bxc6
{[%clk 1:02:59]} 14. O-O {[%clk 0:58:03]} Rab8 {[%clk 1:01:12]} 15. b4
{[%clk 0:54:12]} Rb6 {[%clk 0:57:40]} 16. a3 {[%clk 0:53:52]} Ra8
{[%clk 0:28:17]} 17. c4 {[%clk 0:42:58]} a5 {[%clk 0:24:51]} 18. c5
{[%clk 0:43:07]} Rba6 {[%clk 0:24:55]} 19. Nc3 {[%clk 0:42:01]} axb4
{[%clk 0:21:47]} 20. Qxb4 {[%clk 0:42:09]} Qc8 {[%clk 0:20:12]} 21. a4
{[%clk 0:41:47]} Rb6 {[%clk 0:19:18]} 22. Qc4 {[%clk 0:38:44]} Rb2
{[%clk 0:16:13]} 23. Rfb1 {[%clk 0:32:56]} Rxb1+ {[%clk 0:10:17]} 24. Rxb1
{[%clk 0:33:15]} e5 {[%clk 0:03:20]} 25. Bxe5 {[%clk 0:31:16]} Be6
{[%clk 0:03:46]} 26. Qb4 {[%clk 0:30:41]} f5 {[%clk 0:03:18]} 27. Qb7
{[%clk 0:30:02]} Qxb7 {[%clk 0:00:42]} 28. Rxb7 {[%clk 0:30:24]} Bd8
{[%clk 0:00:35]} 29. Rb4 {[%clk 0:27:06]} Kf7 {[%clk 0:00:43]} 30. Nd1
{[%clk 0:23:23]} g6 {[%clk 0:00:50]} 31. Nb2 {[%clk 0:23:29]} Bd5
{[%clk 0:00:40]} 32. Nc4 {[%clk 0:22:43]} Bxc4 {[%clk 0:01:08]} 33. Rxc4
{[%clk 0:23:07]} Rb8 {[%clk 0:01:18]} 34. a5 {[%clk 0:23:29]} Rb1+
{[%clk 0:01:42]} 35. Kh2 {[%clk 0:23:44]} Ra1 {[%clk 0:02:03]} 36. Rb4
{[%clk 0:23:49]} Rxa5 {[%clk 0:02:01]} 37. Rb7 {[%clk 0:23:25]} Rb5
{[%clk 0:01:52]} 38. Ra7 {[%clk 0:23:46]} Rb2 {[%clk 0:01:34]} 39. Kg3
{[%clk 0:23:55]} h5 {[%clk 0:02:00]} 40. h4 {[%clk 0:51:23]} g5 {[%clk 0:32:20]}
41. hxg5 {[%clk 0:48:50]} Bxg5 {[%clk 0:31:33]} 42. Rxc7+ {[%clk 0:48:50]} Ke8
{[%clk 0:31:38]} 43. Rxc6 {[%clk 0:43:39]} h4+ {[%clk 0:30:34]} 44. Kh2
{[%clk 0:37:16]} Rxf2 {[%clk 0:29:36]} 45. Re6+ {[%clk 0:33:39]} Kd7
{[%clk 0:29:26]} 46. d5 {[%clk 0:33:31]} Rc2 {[%clk 0:23:17]} 47. c6+
{[%clk 0:32:15]} Kd8 {[%clk 0:21:37]} 48. Bf6+ {[%clk 0:30:32]} Bxf6
{[%clk 0:21:41]} 49. Rxf6 {[%clk 0:30:57]} Rc3 {[%clk 0:21:28]} 50. Rxf5
{[%clk 0:30:51]} Kc7 {[%clk 0:19:57]} 51. Re5 {[%clk 0:27:24]} Rxe3
{[%clk 0:19:03]} 52. Re7+ {[%clk 0:26:20]} Kd6 {[%clk 0:15:06]} 53. c7
{[%clk 0:25:53]} Rc3 {[%clk 0:15:00]} 54. Rxe4 {[%clk 0:26:11]} Rxc7
{[%clk 0:14:11]} 55. Rd4 {[%clk 0:26:22]} Rg7 {[%clk 0:13:45]} 56. Rxh4
{[%clk 0:21:53]} Kxd5 {[%clk 0:13:41]} 57. Rf4 {[%clk 0:22:16]} Ke5
{[%clk 0:13:47]} 58. Rf8 {[%clk 0:22:17]} Rh7+ {[%clk 0:12:43]} 59. Kg3
{[%clk 0:22:32]} Rh1 {[%clk 0:11:46]} 60. Kg4 {[%clk 0:22:38]} Ra1
{[%clk 0:11:17]} 61. Kg5 {[%clk 0:22:51]} Ra6 {[%clk 0:04:22]} 62. g4
{[%clk 0:22:56]} Ra4 {[%clk 0:02:42]} 63. Kh5 {[%clk 0:23:07]} Ke6
{[%clk 0:02:23]} 64. g5 {[%clk 0:23:22]} Ra1 {[%clk 0:02:32]} 65. g6
{[%clk 0:21:01]} Rh1+ {[%clk 0:02:30]} 66. Kg5 {[%clk 0:21:24]} Ke7
{[%clk 0:02:32]} 67. Rf4 {[%clk 0:20:00]} Rg1+ {[%clk 0:01:13]} 68. Kh6
{[%clk 0:19:51]} Ke8 {[%clk 0:01:04]} 69. Kg7 {[%clk 0:19:11]} Re1
{[%clk 0:01:10]} 70. Kg8 {[%clk 0:16:43]} Re2 {[%clk 0:01:14]} 71. Kg7
{[%clk 0:13:13]} Re1 {[%clk 0:01:19]} 72. Kh6 {[%clk 0:09:26]} Ke7
{[%clk 0:01:22]} 73. g7 {[%clk 0:08:43]} Rh1+ {[%clk 0:01:34]} 74. Kg5
{[%clk 0:08:46]} Rg1+ {[%clk 0:01:49]} 75. Kh6 {[%clk 0:08:45]} Rh1+
{[%clk 0:01:56]} 76. Kg6 {[%clk 0:09:11]} Rg1+ {[%clk 0:02:17]} 77. Kh7
{[%clk 0:09:29]} Rh1+ {[%clk 0:02:40]} 78. Kg8 {[%clk 0:09:35]} Re1
{[%clk 0:03:00]} 79. Rf7+ {[%clk 0:07:54]} Ke8 {[%clk 0:03:08]} 80. Rf6
{[%clk 0:08:06]} Ke7 {[%clk 0:03:15]} 81. Rh6 {[%clk 0:07:31]} Rg1
{[%clk 0:02:23]} 82. Kh8 {[%clk 0:05:05]} Kf7 {[%clk 0:01:52]} 83. Rh7
{[%clk 0:05:20]} 1-0

[Event "Agen 2017 - Open C"]
[Site "?"]
[Date "2017.08.22"]
[Round "4.3"]
[White "Perlant, Matthieu"]
[Black "Cassagnes, Theo"]
[Result "1-0"]
[LiveChessVersion "1.4.8"]
[BlackElo "1559"]
[WhiteElo "1697"]

1. e4 {[%clk 1:29:57]} c5 {[%clk 1:30:56]} 2. b3 {[%clk 1:30:23]} Nc6
{[%clk 1:31:19]} 3. Bb2 {[%clk 1:30:43]} d6 {[%clk 1:31:15]} 4. Bb5
{[%clk 1:30:58]} Bd7 {[%clk 1:31:13]} 5. Bxc6 {[%clk 1:29:35]} Bxc6
{[%clk 1:31:35]} 6. Nc3 {[%clk 1:29:43]} Nf6 {[%clk 1:31:50]} 7. Qe2
{[%clk 1:28:57]} g6 {[%clk 1:29:46]} 8. f4 {[%clk 1:26:25]} Bg7 {[%clk 1:29:29]}
9. O-O-O {[%clk 1:18:10]} O-O {[%clk 1:25:32]} 10. Nf3 {[%clk 1:17:06]} a6
{[%clk 1:23:07]} 11. e5 {[%clk 1:07:36]} Nd5 {[%clk 1:16:39]} 12. Nxd5
{[%clk 0:59:57]} Bxd5 {[%clk 1:16:25]} 13. exd6 {[%clk 0:57:28]} Bxb2+
{[%clk 1:16:12]} 14. Kxb2 {[%clk 0:57:54]} Qxd6 {[%clk 1:15:38]} 15. Qe5
{[%clk 0:50:26]} Qd7 {[%clk 1:06:00]} 16. Qg5 {[%clk 0:45:31]} Bxf3
{[%clk 0:59:12]} 17. gxf3 {[%clk 0:45:45]} f5 {[%clk 0:58:37]} 18. h4
{[%clk 0:43:38]} Rf7 {[%clk 0:58:09]} 19. h5 {[%clk 0:42:29]} Rg7
{[%clk 0:57:40]} 20. hxg6 {[%clk 0:41:31]} hxg6 {[%clk 0:58:04]} 21. Rh6
{[%clk 0:36:37]} Kf7 {[%clk 0:58:07]} 22. Kb1 {[%clk 0:34:12]} a5
{[%clk 0:51:32]} 23. Rdh1 {[%clk 0:30:44]} Qxd2 {[%clk 0:44:28]} 24. Rxg6 Qd4
{[%clk 0:32:37]} 25. Qxf5+ {[%clk 0:27:11]} Kg8 {[%clk 0:31:24]} 26. Qe6+
{[%clk 0:27:20]} Kf8 {[%clk 0:31:24]} 27. Rh8+ {[%clk 0:27:26]} Rg8
{[%clk 0:31:48]} 28. Rgxg8# {[%clk 0:27:41]} 1-0

[Event "Agen 2017 - Open C"]
[Site "?"]
[Date "2017.08.22"]
[Round "4.4"]
[White "Lorenter, Patrick"]
[Black "Van Den Brande, Norman"]
[Result "0-1"]
[LiveChessVersion "1.4.8"]
[BlackElo "1503"]
[WhiteElo "1665"]

1. e4 {[%clk 1:30:16]} d5 {[%clk 1:30:47]} 2. exd5 {[%clk 1:30:30]} Nf6
{[%clk 1:31:09]} 3. Bb5+ {[%clk 1:29:19]} Nbd7 {[%clk 1:31:28]} 4. Nc3
{[%clk 1:28:33]} a6 {[%clk 1:31:27]} 5. Be2 {[%clk 1:28:18]} Nb6 {[%clk 1:31:11]}
6. Nf3 {[%clk 1:26:51]} Nbxd5 {[%clk 1:31:02]} 7. Nxd5 {[%clk 1:26:47]} Nxd5
{[%clk 1:31:25]} 8. d4 {[%clk 1:26:25]} e6 {[%clk 1:31:25]} 9. O-O
{[%clk 1:25:16]} Be7 {[%clk 1:29:55]} 10. Ne5 {[%clk 1:21:19]} O-O
{[%clk 1:28:22]} 11. c4 {[%clk 1:19:21]} Nf6 {[%clk 1:27:22]} 12. Bg5
{[%clk 1:15:39]} Nd7 {[%clk 1:23:15]} 13. Bxe7 {[%clk 1:13:33]} Qxe7
{[%clk 1:23:37]} 14. Qb3 {[%clk 1:09:22]} Nxe5 {[%clk 1:20:51]} 15. dxe5
{[%clk 1:08:56]} b6 16. Qh3 {[%clk 1:03:07]} Bb7 {[%clk 1:17:43]} 17. Rad1
{[%clk 0:56:37]} Rfd8 {[%clk 1:17:19]} 18. Bf3 {[%clk 0:53:12]} Bxf3
{[%clk 1:16:28]} 19. Qxf3 {[%clk 0:51:48]} Qc5 {[%clk 1:15:53]} 20. Qc3
{[%clk 0:47:53]} h6 {[%clk 1:12:50]} 21. b4 {[%clk 0:47:12]} Qe7 {[%clk 1:12:44]}
22. a4 {[%clk 0:45:28]} Rxd1 {[%clk 1:11:02]} 23. Rxd1 {[%clk 0:45:31]} Rd8
{[%clk 1:11:18]} 24. Rxd8+ {[%clk 0:45:29]} Qxd8 {[%clk 1:11:43]} 25. Qc2
{[%clk 0:39:56]} Qd4 {[%clk 1:10:27]} 26. g3 {[%clk 0:39:50]} Qxe5
{[%clk 1:09:17]} 27. Kg2 {[%clk 0:38:32]} Qd6 {[%clk 1:08:44]} 28. c5
{[%clk 0:37:08]} Qd5+ {[%clk 1:07:33]} 29. f3 {[%clk 0:35:27]} b5
{[%clk 1:06:46]} 30. Qe2 {[%clk 0:31:33]} c6 {[%clk 1:06:53]} 31. Kf2
{[%clk 0:30:18]} Qd4+ {[%clk 1:03:30]} 32. Kg2 {[%clk 0:29:10]} Qxb4
{[%clk 1:02:29]} 33. Qd3 {[%clk 0:29:10]} Qxc5 {[%clk 1:02:31]} 34. Qd8+
{[%clk 0:28:50]} Qf8 {[%clk 1:02:42]} 35. Qd7 {[%clk 0:29:06]} Qa8
{[%clk 1:01:48]} 36. Qd6 {[%clk 0:28:17]} Qc8 {[%clk 1:01:25]} 37. Qc5
{[%clk 0:28:27]} Qd7 {[%clk 1:01:06]} 38. Qb6 {[%clk 0:28:19]} Qd2+
{[%clk 1:00:11]} 39. Kh3 {[%clk 0:28:10]} b4 {[%clk 0:59:56]} 40. Qxc6
{[%clk 0:57:18]} b3 {[%clk 1:28:43]} 41. Qe8+ {[%clk 0:53:56]} Kh7
{[%clk 1:29:05]} 42. Qxf7 {[%clk 0:54:08]} b2 {[%clk 1:28:30]} 43. Qb7
{[%clk 0:54:15]} Qe2 {[%clk 1:27:59]} 44. Kg4 {[%clk 0:52:06]} Qc4+
{[%clk 1:27:54]} 0-1

[Event "Agen 2017 - Open D"]
[Site "?"]
[Date "2017.08.22"]
[Round "4.1"]
[White "Andre, Victoria"]
[Black "Devaux, Francois"]
[Result "1-0"]
[LiveChessVersion "1.4.8"]
[BlackElo "1498"]
[WhiteElo "1452"]

1. e4 {[%clk 1:30:58]} c5 {[%clk 1:30:25]} 2. c3 {[%clk 1:31:21]} e6
{[%clk 1:30:01]} 3. d4 {[%clk 1:31:14]} d5 {[%clk 1:30:05]} 4. e5
{[%clk 1:30:21]} Nc6 {[%clk 1:30:24]} 5. Be3 {[%clk 1:26:29]} Qb6
{[%clk 1:27:42]} 6. Qd2 {[%clk 1:25:07]} cxd4 {[%clk 1:24:19]} 7. cxd4
{[%clk 1:19:38]} Bd7 {[%clk 1:12:11]} 8. Nf3 {[%clk 1:13:31]} Rc8
{[%clk 1:08:20]} 9. a3 {[%clk 1:10:26]} Na5 {[%clk 1:05:10]} 10. Ra2
{[%clk 0:57:26]} Qb3 {[%clk 1:02:29]} 11. Nc3 {[%clk 0:54:38]} Nc4
{[%clk 0:59:32]} 12. Bxc4 {[%clk 0:52:07]} Rxc4 {[%clk 0:59:06]} 13. Ra1
{[%clk 0:40:47]} b5 {[%clk 0:54:54]} 14. O-O {[%clk 0:37:25]} b4 {[%clk 0:49:22]}
15. axb4 {[%clk 0:34:35]} Bxb4 {[%clk 0:49:41]} 16. Rfc1 {[%clk 0:34:21]} Ba4
{[%clk 0:37:58]} 17. Qd1 {[%clk 0:27:59]} Qxd1+ {[%clk 0:29:02]} 18. Nxd1
{[%clk 0:28:10]} Rxc1 {[%clk 0:28:38]} 19. Rxc1 {[%clk 0:28:31]} Ne7
{[%clk 0:26:52]} 20. Bd2 {[%clk 0:24:23]} a5 {[%clk 0:23:15]} 21. Nc3
{[%clk 0:19:48]} Bb3 {[%clk 0:22:43]} 22. Nb5 {[%clk 0:19:04]} Bc4
{[%clk 0:19:01]} 23. Bxb4 {[%clk 0:18:47]} axb4 {[%clk 0:19:01]} 24. Nd6+
{[%clk 0:19:00]} Kd7 {[%clk 0:18:40]} 25. Nxc4 {[%clk 0:18:27]} dxc4
{[%clk 0:18:36]} 26. Rxc4 {[%clk 0:18:35]} Nd5 {[%clk 0:18:52]} 27. g3
{[%clk 0:17:00]} f6 {[%clk 0:17:36]} 28. Ne1 {[%clk 0:15:21]} Ra8
{[%clk 0:14:03]} 29. Nd3 {[%clk 0:14:28]} Ra2 {[%clk 0:10:07]} 30. Nxb4
{[%clk 0:12:30]} Rxb2 {[%clk 0:10:29]} 31. Nxd5 {[%clk 0:12:46]} exd5
{[%clk 0:10:54]} 32. Rc5 {[%clk 0:12:07]} Ke6 {[%clk 0:09:56]} 33. exf6
{[%clk 0:10:06]} gxf6 {[%clk 0:10:09]} 34. Rc7 {[%clk 0:06:22]} Rd2
{[%clk 0:09:45]} 35. Rxh7 {[%clk 0:06:28]} Rxd4 {[%clk 0:10:09]} 36. Kf1
{[%clk 0:06:16]} Re4 {[%clk 0:09:41]} 37. Rh4 {[%clk 0:06:02]} Rxh4
{[%clk 0:09:02]} 38. gxh4 {[%clk 0:06:27]} Kf5 {[%clk 0:09:24]} 39. h3
{[%clk 0:06:28]} Kg6 {[%clk 0:09:13]} 40. Ke2 {[%clk 0:33:36]} f5
{[%clk 0:38:30]} 41. Ke3 {[%clk 0:28:02]} Kh5 {[%clk 0:35:45]} 42. Kd4
{[%clk 0:23:14]} Kxh4 {[%clk 0:36:06]} 43. Kxd5 {[%clk 0:23:14]} Kxh3
{[%clk 0:36:30]} 44. Ke5 {[%clk 0:23:16]} Kg4 {[%clk 0:36:45]} 45. f4
{[%clk 0:23:32]} Kh5 {[%clk 0:36:15]} 46. Kxf5 {[%clk 0:23:55]} Kh6
{[%clk 0:36:28]} 47. Kf6 {[%clk 0:23:47]} Kh7 {[%clk 0:36:50]} 48. f5
{[%clk 0:23:44]} Kg8 {[%clk 0:37:10]} 49. Ke7 {[%clk 0:24:09]} 1-0

[Event "Agen 2017 - Open D"]
[Site "?"]
[Date "2017.08.22"]
[Round "4.2"]
[White "Normand, Nicolas"]
[Black "Gilardi, Gerard"]
[Result "1-0"]
[LiveChessVersion "1.4.8"]
[BlackElo "1433"]
[WhiteElo "1495"]

1. d4 {[%clk 1:19:49]} Nf6 {[%clk 1:30:49]} 2. Nc3 {[%clk 1:19:38]} g6
{[%clk 1:30:29]} 3. e4 {[%clk 1:20:02]} d6 {[%clk 1:30:47]} 4. f4
{[%clk 1:20:27]} Bg7 {[%clk 1:30:08]} 5. e5 {[%clk 1:20:53]} dxe5
{[%clk 1:30:12]} 6. fxe5 {[%clk 1:21:19]} Nd5 {[%clk 1:29:58]} 7. Bc4
{[%clk 1:21:45]} e6 {[%clk 1:24:42]} 8. Nf3 {[%clk 1:22:10]} O-O {[%clk 1:24:43]}
9. O-O {[%clk 1:22:37]} c6 {[%clk 1:23:15]} 10. Ng5 {[%clk 1:19:00]} b5
{[%clk 1:19:43]} 11. Bd3 {[%clk 1:15:03]} Bd7 {[%clk 1:15:24]} 12. Nge4
{[%clk 1:13:26]} Qb6 {[%clk 1:13:33]} 13. Ne2 {[%clk 1:11:45]} Bxe5
{[%clk 1:12:41]} 14. c3 {[%clk 1:09:45]} f5 {[%clk 1:08:08]} 15. Nf2
{[%clk 1:07:26]} Bg7 {[%clk 1:07:07]} 16. Nf4 {[%clk 1:07:05]} Na6
{[%clk 1:05:30]} 17. Qf3 {[%clk 0:54:30]} Nac7 {[%clk 1:02:46]} 18. N2h3
{[%clk 0:45:11]} e5 {[%clk 0:54:11]} 19. Nxg6 {[%clk 0:30:24]} hxg6
{[%clk 0:51:29]} 20. Qg3 {[%clk 0:23:01]} Ne7 {[%clk 0:48:06]} 21. Bg5
{[%clk 0:17:50]} Ncd5 {[%clk 0:43:14]} 22. Qh4 {[%clk 0:15:52]} Rf7
{[%clk 0:38:03]} 23. Kh1 {[%clk 0:11:52]} e4 {[%clk 0:34:28]} 24. Bxe4
{[%clk 0:02:54]} fxe4 {[%clk 0:33:04]} 25. Rxf7 {[%clk 0:03:11]} Kxf7
{[%clk 0:32:40]} 26. Bxe7 {[%clk 0:02:31]} Nxe7 {[%clk 0:32:43]} 27. Ng5+
{[%clk 0:02:14]} Ke8 {[%clk 0:30:51]} 28. Qxe4 {[%clk 0:02:08]} Bf5
{[%clk 0:29:39]} 29. Qe2 {[%clk 0:01:51]} c5 {[%clk 0:24:27]} 30. g4
{[%clk 0:02:16]} Qc6+ {[%clk 0:23:13]} 31. Kg1 {[%clk 0:02:44]} Bd7
{[%clk 0:22:02]} 32. Re1 {[%clk 0:03:04]} Bf6 {[%clk 0:14:18]} 33. Nh7
{[%clk 0:02:10]} Bh4 {[%clk 0:13:51]} 34. Rf1 {[%clk 0:02:13]} Bf5
{[%clk 0:12:31]} 35. gxf5 {[%clk 0:01:59]} gxf5 {[%clk 0:12:59]} 36. Qh5+
{[%clk 0:01:39]} Ng6 {[%clk 0:12:15]} 37. Rxf5 {[%clk 0:02:02]} Kd7
{[%clk 0:07:25]} 38. Rf7+ {[%clk 0:01:14]} Kc8 {[%clk 0:06:28]} 39. Qg4+
{[%clk 0:00:51]} Kb8 {[%clk 0:05:47]} 40. Rg7 {[%clk 0:30:43]} Qe8
{[%clk 0:32:28]} 41. Rxg6 {[%clk 0:23:34]} Qe3+ {[%clk 0:31:53]} 42. Kg2
{[%clk 0:23:05]} Qf2+ {[%clk 0:31:49]} 43. Kh3 {[%clk 0:22:57]} Bd8
{[%clk 0:31:50]} 44. Qg3+ {[%clk 0:18:28]} Qxg3+ {[%clk 0:31:21]} 45. hxg3
{[%clk 0:18:19]} Bc7 {[%clk 0:31:45]} 46. Rg8+ {[%clk 0:18:28]} Kb7
{[%clk 0:32:11]} 47. Rxa8 {[%clk 0:18:48]} Kxa8 {[%clk 0:31:28]} 48. dxc5
{[%clk 0:17:14]} Kb7 {[%clk 0:31:37]} 49. Nf6 {[%clk 0:16:54]} Kc6
{[%clk 0:31:49]} 50. b4 {[%clk 0:14:42]} Be5 {[%clk 0:32:01]} 51. Ne4
{[%clk 0:05:08]} Kd5 {[%clk 0:31:52]} 52. Nf2 {[%clk 0:01:27]} Bxc3
{[%clk 0:31:32]} 53. Nd3 {[%clk 0:01:19]} a6 {[%clk 0:31:43]} 54. Kg4
{[%clk 0:01:34]} Bh8 {[%clk 0:31:10]} 55. Kf4 {[%clk 0:01:42]} Kc6
{[%clk 0:30:56]} 56. g4 {[%clk 0:02:07]} Bg7 {[%clk 0:30:21]} 57. Kf5
{[%clk 0:01:49]} Kd5 {[%clk 0:26:45]} 58. g5 {[%clk 0:01:37]} 1-0

[Event "Agen 2017 - Open D"]
[Site "?"]
[Date "2017.08.22"]
[Round "4.3"]
[White "Salvi, Jean-Pierre"]
[Black "Rebois, Roland"]
[Result "1-0"]
[LiveChessVersion "1.4.8"]
[BlackElo "1494"]
[WhiteElo "1443"]

1. e4 {[%clk 1:30:13]} e5 {[%clk 1:30:13]} 2. Nf3 {[%clk 1:30:30]} Nc6
{[%clk 1:30:02]} 3. Bc4 {[%clk 1:30:04]} Bc5 {[%clk 1:30:13]} 4. c3
{[%clk 1:30:21]} Nf6 {[%clk 1:29:52]} 5. d4 {[%clk 1:29:45]} exd4
{[%clk 1:30:01]} 6. cxd4 {[%clk 1:30:05]} Bb4+ {[%clk 1:29:00]} 7. Nc3
{[%clk 1:30:21]} Nxe4 {[%clk 1:27:12]} 8. O-O {[%clk 1:28:20]} Nxc3
{[%clk 1:24:02]} 9. bxc3 {[%clk 1:26:13]} Bxc3 {[%clk 1:19:28]} 10. d5
{[%clk 1:26:13]} Ne7 {[%clk 1:04:24]} 11. Bg5 {[%clk 1:17:12]} Bxa1
{[%clk 1:01:00]} 12. Bxe7 {[%clk 1:12:58]} Kxe7 {[%clk 1:01:11]} 13. Re1+
{[%clk 1:12:44]} Kf8 {[%clk 1:01:22]} 14. Qxa1 {[%clk 1:12:16]} d6
{[%clk 1:01:33]} 15. Qc3 {[%clk 1:03:41]} f6 {[%clk 1:01:22]} 16. Qb3
{[%clk 0:58:04]} Kf7 {[%clk 0:59:21]} 17. Nd4 {[%clk 0:55:19]} a6
{[%clk 0:57:41]} 18. a4 {[%clk 0:54:23]} Re8 {[%clk 0:41:56]} 19. Ne6
{[%clk 0:52:10]} Qd7 {[%clk 0:41:34]} 20. Qg3 {[%clk 0:51:09]} Kg8
{[%clk 0:40:32]} 21. h4 {[%clk 0:50:17]} Qf7 {[%clk 0:39:26]} 22. Rc1
{[%clk 0:47:18]} Bxe6 {[%clk 0:37:49]} 23. dxe6 {[%clk 0:47:38]} Qe7
{[%clk 0:38:11]} 24. f4 {[%clk 0:46:45]} c6 {[%clk 0:37:09]} 25. Re1
{[%clk 0:46:22]} d5 {[%clk 0:36:43]} 26. Bd3 {[%clk 0:46:38]} Qc5+
{[%clk 0:35:06]} 27. Kh2 {[%clk 0:46:47]} Re7 {[%clk 0:35:07]} 28. h5
{[%clk 0:46:55]} d4 {[%clk 0:29:40]} 29. Qg4 {[%clk 0:43:43]} Kh8
{[%clk 0:25:57]} 30. Re2 {[%clk 0:42:56]} Rg8 {[%clk 0:25:21]} 31. Rc2
{[%clk 0:43:02]} Qd6 {[%clk 0:24:57]} 32. Qf5 {[%clk 0:40:35]} g5
{[%clk 0:23:12]} 33. Qxf6+ {[%clk 0:39:26]} Reg7 {[%clk 0:16:04]} 34. Rf2
{[%clk 0:38:13]} Rf8 {[%clk 0:15:34]} 35. Qh6 {[%clk 0:33:03]} Rxf4
{[%clk 0:15:08]} 36. Rxf4 {[%clk 0:26:39]} Qxf4+ {[%clk 0:15:26]} 37. Kh1
{[%clk 0:26:37]} Qe5 {[%clk 0:14:12]} 38. Bxh7 {[%clk 0:25:53]} Qc7
{[%clk 0:09:22]} 39. Bg6+ {[%clk 0:25:01]} Kg8 {[%clk 0:08:30]} 40. Qxg5
{[%clk 0:51:40]} d3 {[%clk 0:39:00]} 41. h6 {[%clk 0:51:35]} d2 {[%clk 0:38:27]}
42. Bf7+ {[%clk 0:51:41]} Qxf7 {[%clk 0:37:39]} 43. exf7+ {[%clk 0:51:49]} Kh7
{[%clk 0:37:28]} 44. Qxg7# {[%clk 0:52:17]} 1-0